[Event "28th Avoine Open"]
[Site "Avoine FRA"]
[Date "2013.07.24"]
[Round "5.16"]
[White "Mauffrey,H"]
[Black "Le Borgne,P"]
[Result "0-1"]
[WhiteElo "1901"]
[BlackElo "2254"]

1.e4 d6 2.d4 Nf6 3.Nc3 Nbd7 4.Bc4 e5 5.f4 exd4 6.Qxd4 c6 7.Nf3 d5 8.exd5 Bc5
9.Qd3 O-O 10.Ne5 Nxe5 11.fxe5 Ng4 12.dxc6 Qe8 13.Bf4 bxc6 14.O-O-O Nf2 15.Qg3 Bf5
16.Rhf1 Nxd1 17.Rxd1 Rd8 18.Re1 Kh8 19.Ne4 Bxe4 20.Rxe4 Rd4 21.Rxd4 Bxd4
22.Bd3 Qe6 23.c3 Bb6 24.Qh4 h6 25.Bg5 Kg8 26.Bf6 gxf6 27.Qxh6 f5 28.Qf4 Re8
29.Bxf5 Qxe5 30.Bh7+ Kxh7 31.Qxf7+ Kh8  0-1

[Event "14th ch-EUR Ind w"]
[Site "Belgrade SRB"]
[Date "2013.07.24"]
[Round "2.74"]
[White "Pihajlic,A"]
[Black "Nikoladze,S"]
[Result "0-1"]
[WhiteElo "1882"]
[BlackElo "2163"]

1.e4 d6 2.d4 Nf6 3.Nc3 Nbd7 4.Nf3 e5 5.dxe5 dxe5 6.Bc4 Bb4 7.Qe2 c5 8.Bd2 O-O
9.O-O a6 10.Rad1 b5 11.Bd5 Rb8 12.a3 Ba5 13.Bg5 Qc7 14.Na2 Re8 15.b4 Bb6
16.c4 Nxd5 17.cxd5 Qd6 18.Nh4 g6 19.Kh1 Bd8 20.Bxd8 Rxd8 21.Rd3 Qf6 22.Nf3 c4
23.Re3 Nb6 24.Nc3 Bd7 25.Qd2 Nc8 26.Ng1 Qe7 27.Rg3 Nd6 28.Qh6 f5 29.f4 fxe4
30.fxe5 Qxe5 31.Rxg6+ hxg6 32.Qxg6+ Qg7 33.Qxd6 Qxc3 34.Rf6 Bf5 35.Qxa6 Qe5
36.g4 Bh7 37.Rh6 Qxd5 38.Rh5 Rd6 39.Qa7 Qb7 40.Qe3 Rbd8 41.Qg5+ Bg6  0-1

[Event "14th ch-EUR Ind w"]
[Site "Belgrade SRB"]
[Date "2013.07.24"]
[Round "2.84"]
[White "Rudovic,Anja"]
[Black "Nonkovic,B"]
[Result "0-1"]
[WhiteElo "1549"]
[BlackElo "2081"]

1.e4 d6 2.d4 Nf6 3.Nc3 e5 4.dxe5 dxe5 5.Qxd8+ Kxd8 6.Bc4 Ke8 7.Nf3 Bd6 8.Bg5 Nbd7
9.O-O-O a6 10.Rhe1 h6 11.Bd2 Bc5 12.Re2 c6 13.h3 b5 14.Bb3 a5 15.a3 b4 16.Na4 Ba6
17.Ree1 Bxf2 18.Rh1 Bb5 19.Nh2 c5 20.c4 Bc6 21.Bc2 Nxe4 22.Bxe4 Bxe4 23.Rhf1 Bd4
24.Nf3 Bd3 25.Rh1 Bxc4  0-1

[Event "14th ch-EUR Ind w"]
[Site "Belgrade SRB"]
[Date "2013.07.24"]
[Round "2.38"]
[White "Manakova,M"]
[Black "Velickovski Nejkovic,M"]
[Result "1-0"]
[WhiteElo "2351"]
[BlackElo "2083"]

1.e4 d6 2.d4 Nf6 3.Nc3 Nbd7 4.Nf3 e5 5.g3 Be7 6.Bg2 O-O 7.O-O c6 8.a4 Rb8
9.Re1 a5 10.h3 Qc7 11.b3 Re8 12.Ba3 Bf8 13.Qd2 exd4 14.Nxd4 Nc5 15.Kh2 Bd7
16.Bb2 Rbd8 17.Rad1 h5 18.Qf4 Ne6 19.Nxe6 Rxe6 20.Ne2 Nh7 21.Nd4 Rh6 22.Nf5 Bxf5
23.exf5 Be7 24.Qe4 Rd7 25.Kg1 Nf6 26.Qf3 Qd8 27.Bc1 Rh7 28.Bf1 Ne8 29.Bd3 Bf6
30.Bd2 Be5 31.f6 g6 32.Bg5 Nc7 33.Bxg6 fxg6 34.f7+ Rhxf7 35.Qxf7+ Kxf7 36.Bxd8 Bc3
37.Re3 Nd5 38.Rf3+ Kg7 39.Bg5 Be5 40.Bd2 b6 41.Rd3 Ne7 42.f4 Bf6 43.Be3 Nc8
44.Bd4 c5 45.Bxf6+ Kxf6 46.Kf2 Ke7 47.Re1+ Kf7 48.Red1 Ke7 49.g4 hxg4 50.hxg4 Rd8
51.Re3+ Kd7 52.Rh1  1-0

[Event "65th ch-MNE 2013"]
[Site "Cetinje SRB"]
[Date "2013.07.24"]
[Round "5.7"]
[White "Draskovic,L"]
[Black "Batricevic,J"]
[Result "1/2-1/2"]
[WhiteElo "2292"]
[BlackElo "2166"]

1.e4 d6 2.d4 Nf6 3.Nc3 e5 4.Nf3 Nbd7 5.Bc4 Be7 6.O-O O-O 7.Re1 c6 8.a4 a5
9.b3 Qc7 10.Ba3 h6 11.Qd2 Rd8 12.Rad1 Nf8 13.h3 Ng6 14.Bf1 Nh7 15.Ne2 Ng5
16.Nxg5 Bxg5 17.Qd3 b5 18.g3 bxa4 19.bxa4 Ba6 20.Qc3  1/2-1/2

[Event "Dutch Open 2013"]
[Site "Dieren NED"]
[Date "2013.07.24"]
[Round "2.6"]
[White "Losekoot,P"]
[Black "Belkhodja,S"]
[Result "1/2-1/2"]
[WhiteElo "2101"]
[BlackElo "2432"]

1.e4 d6 2.d4 Nf6 3.Nc3 Nbd7 4.Nf3 e5 5.Be2 Be7 6.O-O O-O 7.h3 a6 8.a4 b6
9.Be3 Bb7 10.Nd2 exd4 11.Bxd4 c5 12.Be3 Re8 13.Bf4 Bf8 14.Bf3 Ne5 15.Bxe5 dxe5
16.Nc4 Qc7 17.Ne3 Rad8 18.Qe2 Rd4 19.Nf5 Rb4 20.b3 g6 21.Ne3 Rd4 22.Ned5 Bxd5
23.Nxd5 Nxd5 24.exd5 e4 25.g3 Rxd5 26.Bg2 Bg7 27.Rad1 Rxd1 28.Rxd1 Bd4 29.Kh2 Qe5
30.f4 exf3 31.Qxe5 Rxe5 32.Bxf3 b5 33.axb5 axb5 34.b4 Re3 35.bxc5 Rxf3 36.Rxd4 Rc3
37.Rd8+ Kg7 38.Rc8 Kf6 39.c6 Rxc2+ 40.Kg1 h5 41.Rb8 h4 42.gxh4 Rxc6 43.Rxb5 Rc4
44.h5 g5 45.Rb6+ Ke7 46.Kg2 Rh4 47.h6 f6 48.Rb7+ Ke6 49.h7 Kf5 50.Rg7 Kf4
51.Ra7 Rh5 52.Ra4+ Kf5 53.h4 Rxh7 54.hxg5 Kxg5 55.Ra3 f5 56.Rb3 f4 57.Ra3 Kg4
58.Rb3 Re7 59.Kf2 Rh7 60.Kg2 Rd7 61.Kf2 Rd2+ 62.Kf1 Rh2 63.Ra3 Rh3 64.Rxh3 Kxh3
65.Kf2 f3 66.Kxf3  1/2-1/2

[Event "15th TCh-Eur Senior"]
[Site "Dresden GER"]
[Date "2013.07.24"]
[Round "5"]
[White "Schuermans,R"]
[Black "Turikov,V"]
[Result "1-0"]
[WhiteElo "2127"]
[BlackElo "2269"]

1.e4 d6 2.d4 Nf6 3.Nc3 c6 4.f4 Qa5 5.Bd3 e5 6.Nf3 exd4 7.Nxd4 g6 8.Nb3 Qc7
9.O-O Bg7 10.f5 Nbd7 11.Bf4 Ne5 12.Kh1 O-O 13.Qd2 b5 14.Rae1 a6 15.Bxe5 dxe5
16.Qg5 h6 17.Qe3 Re8 18.Nc5 Qe7 19.b4 a5 20.a3 Kh7 21.Nb1 Nd7 22.Nxd7 Bxd7
23.c3 g5 24.Rf2 f6 25.Rd2 Red8 26.Red1 Be8 27.Be2 Bf8 28.Rxd8 Rxd8 29.Rxd8 Qxd8
30.Qa7+ Kg8 31.bxa5 c5 32.Qb6 Qxb6 33.axb6 Bc6 34.Nd2 Kf7 35.Nb3 Ke8 36.b7 Bxb7
37.Bxb5+ Kd8 38.Nd2 Kc7 39.Kg1 h5 40.Kf2 g4 41.Bd3 Bh6 42.Ke2 Bc6 43.Nc4 Bf4
44.h3 Ba4 45.hxg4 hxg4 46.Ne3 Bxe3 47.Kxe3 Kb6 48.Be2 Ka5 49.Bxg4 Bc2 50.Be2 Ka4
51.g4 Kxa3 52.g5  1-0

[Event "Maccabiah IM1 2013"]
[Site "Jerusalem ISR"]
[Date "2013.07.24"]
[Round "5.3"]
[White "Bezgodova,M"]
[Black "Aharon,O"]
[Result "0-1"]
[WhiteElo "2187"]
[BlackElo "2307"]

1.e4 d6 2.d4 Nf6 3.Nc3 Nbd7 4.Nf3 e5 5.dxe5 dxe5 6.Bc4 Be7 7.O-O O-O 8.h3 c6
9.a4 b6 10.Qe2 Qc7 11.Rd1 a6 12.Ng5 Nc5 13.b4 Nb7 14.Rb1 b5 15.Ba2 h6 16.Nf3 a5
17.axb5 axb4 18.bxc6 bxc3 19.cxb7 Bxb7 20.Bd5 Nxd5 21.exd5 Bd6 22.Be3 Ba6
23.Qe1 Rfb8 24.Nh4 Bc8 25.Qe2 Rb2 26.Ra1 Rxa1 27.Rxa1 Qb7 28.Rd1 Qb4 29.Nf3 Bf5
30.Ne1 Qa4 31.Rc1 Bg6 32.Qd1 Ra2 33.g3 Kh7 34.Kh2 f5 35.Nd3 f4 36.Bc5 fxg3+
37.fxg3 e4 38.Nb4 Bxc5 39.Nxa2 Qxa2 40.d6 Qf7 41.d7 e3 42.Qe1 Qxd7 43.Qxc3 Qd2+
44.Qxd2 exd2 45.Rd1 Be3  0-1

[Event "65th ch-MNE 2013"]
[Site "Cetinje SRB"]
[Date "2013.07.25"]
[Round "6.8"]
[White "Batricevic,J"]
[Black "Tomic,Aleksandar"]
[Result "1/2-1/2"]
[WhiteElo "2166"]
[BlackElo "1970"]

1.e4 d6 2.d4 Nf6 3.Nc3 e5 4.Nf3 Nbd7 5.Bc4 Be7 6.O-O O-O 7.Re1 c6 8.a4 b6
9.h3 a6 10.b3 Rb8 11.Bf1 Re8 12.Bb2 Qc7 13.Qd3 Nf8 14.Ne2 Ng6 15.Ng3 Bf8
16.Qc3 Qb7 17.Qe3 Bd7 18.Rad1 h6 19.Bd3 b5 20.axb5 axb5 21.Ra1 c5 22.dxe5 dxe5
23.Ra2 Qc8 24.c4 bxc4 25.Bxc4 Bb5 26.Nf5 Bxc4 27.bxc4 Rb4 28.Nd2 Qd7 29.Bc3 Rb7
30.Ra6 Re6 31.Ra8 Re8 32.Rea1 Rxa8 33.Rxa8 Ra7 34.Rxa7 Qxa7 35.Qg3 Qd7 36.Qf3 Ne8
37.Kh2 Nc7 38.Qg3 Ne6 39.Nf3 Qd3 40.Nxe5  1/2-1/2

[Event "15th TCh-Eur Senior"]
[Site "Dresden GER"]
[Date "2013.07.25"]
[Round "6"]
[White "Hammar,B"]
[Black "Weiss,W"]
[Result "1/2-1/2"]
[WhiteElo "2279"]
[BlackElo "2189"]

1.e4 d6 2.d4 Nf6 3.Nc3 c6 4.a4 Nbd7 5.f4 e5 6.Nf3 Qc7 7.Be2 Be7 8.O-O O-O
9.Kh1 a5 10.Rb1 exd4 11.Nxd4 Nc5 12.Bf3 Re8 13.Nde2 Be6 14.Be3 d5 15.e5 Nfe4
16.Bxe4 Nxe4 17.Nxe4 dxe4 18.Ng3 Bc4 19.Rf2 f6 20.Qg4 fxe5 21.f5 Bf6 22.b3 Bd5
23.c4 Bf7 24.Nxe4 Kh8 25.Bg5 Qe7 26.Bxf6 gxf6 27.Qh4 Rf8 28.Rbf1 Bg8 29.Rf3 Rad8
30.Qe1 Rd4 31.Re3 b5 32.cxb5 cxb5 33.Qxa5 bxa4 34.bxa4 Qd7 35.Qb5 Qxb5 36.axb5 Bc4
37.Rc1 Bxb5 38.h3 Rd3 39.Rxd3 Bxd3 40.Ng3 Kg7 41.Kg1 Kh6 42.h4 Rg8 43.Kf2 Rg4
44.Rc6 Rxh4 45.Rxf6+ Kg5 46.Re6 Rf4+ 47.Ke3 Bxf5 48.Rxe5 Kg4 49.Nxf5 Rxf5
50.Rxf5 Kxf5  1/2-1/2

[Event "15th TCh-Eur Senior"]
[Site "Dresden GER"]
[Date "2013.07.25"]
[Round "6"]
[White "Neukirch,D"]
[Black "Goy,U"]
[Result "1-0"]
[WhiteElo "2247"]
[BlackElo "2220"]

1.e4 d6 2.d4 Nf6 3.Nc3 Nbd7 4.Nf3 e5 5.Bc4 Be7 6.O-O O-O 7.a4 b6 8.Re1 Bb7
9.h3 a6 10.b3 c6 11.Bb2 b5 12.Bd3 Re8 13.Ne2 Bf8 14.Ng3 Qc7 15.Qd2 h6 16.Nf5 exd4
17.Bxd4 c5 18.Bxf6 Nxf6 19.axb5 axb5 20.Rxa8 Rxa8 21.e5 dxe5 22.Nxe5 Bc8
23.Qf4 Bxf5 24.Qxf5 Re8 25.Bxb5 Re7 26.Bc4 Qa5 27.Rd1 Qc3 28.f4 Qe3+ 29.Kh2  1-0

[Event "21st Saint-Affrique Open"]
[Site "Saint Affrique FRA"]
[Date "2013.07.25"]
[Round "7.10"]
[White "Cazottes,G"]
[Black "Manouck,T"]
[Result "1/2-1/2"]
[WhiteElo "1970"]
[BlackElo "2295"]

1.e4 d6 2.d4 Nf6 3.Nc3 Nbd7 4.Nf3 e5 5.Be2 Be7 6.O-O O-O 7.Re1 c6 8.h3 b5
9.a3 Bb7 10.Bg5 Qc7 11.Bf1 Rfe8 12.dxe5 dxe5 13.Nh4 g6 14.Qf3 Kg7 15.Ne2 Ng8
16.Bxe7 Nxe7 17.Ng3 Nc5 18.Qc3 Ne6 19.Nf3 f6 20.a4 a6 21.Red1 Rad8 22.Bd3 Nc8
23.h4 h5 24.Ne2 Nb6 25.b3 Nc8 26.b4 Nb6 27.axb5 cxb5 28.Qxc7+ Nxc7 29.Nc1 Nc4
30.Nb3  1/2-1/2

[Event "28th Avoine Open"]
[Site "Avoine FRA"]
[Date "2013.07.26"]
[Round "7.16"]
[White "Delorme,Al"]
[Black "Kaulich,P"]
[Result "0-1"]
[WhiteElo "2296"]
[BlackElo "2079"]

1.e4 d6 2.d4 Nf6 3.Nc3 e5 4.f4 exd4 5.Qxd4 Nc6 6.Qe3 Be7 7.Bc4 Be6 8.Bxe6 fxe6
9.Bd2 Qd7 10.O-O-O O-O-O 11.Nb5 a6 12.Nd4 Ng4 13.Qc3 Nf2 14.Ngf3 Nxh1 15.Rxh1 Bf6
16.e5 dxe5 17.Nxc6 Qxc6 18.fxe5 Qxc3 19.Bxc3 Be7 20.h4 Bc5 21.b4 Bb6 22.Kb2 h6
23.h5 Rhf8 24.Rh4 Rf5 25.Nd2 Bf2 26.Rg4 Be1 27.Nf3 Bxc3+ 28.Kxc3 Rd7 29.Rh4 Kd8
30.a4 Ke7 31.b5 axb5 32.axb5 Rd5 33.Kb4 Rd1 34.Rc4 Rd7 35.Rh4 Kf7 36.c4 Rd1
37.c5 Rb1+ 38.Ka5 Kg8 39.Nd2 Ra1+ 40.Kb4 Rxe5  0-1

[Event "28th Avoine Open"]
[Site "Avoine FRA"]
[Date "2013.07.26"]
[Round "7.24"]
[White "Ollier,M"]
[Black "Gros,P"]
[Result "1/2-1/2"]
[WhiteElo "2157"]
[BlackElo "2011"]

1.e4 d6 2.d4 Nf6 3.Nc3 c6 4.f4 Qa5 5.e5 Ne4 6.Qf3 Nxc3 7.bxc3 Bf5 8.exd6 e6
9.Rb1 Bxd6 10.Rxb7 O-O 11.Bc4 Be4 12.Qxe4 Qxc3+ 13.Bd2 Qxc4 14.Nf3 Na6 15.Ng5 g6
16.Qe2 Qxd4 17.Qxa6 Qa1+ 18.Kf2 Qxh1 19.Qxc6 Rad8 20.Ne4 Qd1 21.Qc3 Bc5+
22.Qxc5 Rxd2+ 23.Nxd2 Qxd2+ 24.Kg3 Qe1+ 25.Kh3 Qe4 26.Rb4 Qe1 27.Rb7 a5 28.Ra7 Qe4
29.Kg3 Qe1+ 30.Kh3 Qe4 31.g3 a4 32.c4 Qc2 33.a3 Qe2 34.Rxa4 Qf1+ 35.Kh4 Qd1
36.Ra7 f5 37.Kh3 Qg4+ 38.Kg2 Qe2+ 39.Qf2 Qxc4 40.Qb2 Qe4+ 41.Kh3 Rf7 42.Qb8+ Kg7
43.a4 Rxa7 44.Qxa7+ Kh6 45.a5 Qf3 46.Qc5 Qe2 47.Qe5 Qf1+ 48.Kh4 Qf3 49.Kh3 Qf1+
50.Kh4 Qf3  1/2-1/2

[Event "14th ch-EUR Ind w"]
[Site "Belgrade SRB"]
[Date "2013.07.26"]
[Round "4.73"]
[White "Sarjanovic,Andjela"]
[Black "Srebrnic,A"]
[Result "0-1"]
[WhiteElo "1655"]
[BlackElo "2203"]

1.e4 d6 2.d4 Nf6 3.Nc3 e5 4.dxe5 dxe5 5.Qxd8+ Kxd8 6.Bg5 Be7 7.O-O-O+ Nbd7
8.g3 c6 9.f4 h6 10.Bxf6 Bxf6 11.Nf3 Ke7 12.Bc4 b5 13.Bb3 g5 14.fxe5 Nxe5
15.Nxe5 Bxe5 16.Rhf1 f6 17.Ne2 Bg4 18.Rd2 Rad8 19.c3 c5 20.Bd5 h5 21.Kc2 h4
22.Rg1 Bf3 23.Rf1 Bxe2 24.Rxe2 hxg3 25.hxg3 Bxg3 26.Rd1 Be5 27.Rg2 Rh4 28.a3 g4
29.Rgg1 Rh2+ 30.Kb1 g3 31.Rde1 a5 32.Ka1 b4 33.axb4 axb4 34.Rc1 Rd6 35.Kb1 Rb6
36.Ka1 Ra6+ 37.Kb1 bxc3 38.bxc3 Ra3 39.Rc2 Bxc3 40.Rxh2 gxh2 41.Rg7+ Kd6
42.Rh7 Ra1+ 43.Kc2 Be5  0-1

[Event "Maccabiah GM2 2013"]
[Site "Jerusalem ISR"]
[Date "2013.07.26"]
[Round "8.2"]
[White "Vaisser,A"]
[Black "Kantsler,B"]
[Result "1/2-1/2"]
[WhiteElo "2544"]
[BlackElo "2430"]

1.d4 d6 2.e4 Nf6 3.Nc3 e5 4.dxe5 dxe5 5.Qxd8+ Kxd8 6.Bc4 Ke8 7.f4 Bb4 8.Nf3 Nxe4
9.Nxe5 Be6 10.Bxe6 fxe6 11.Nd3 Bxc3+ 12.bxc3 Nd7 13.O-O Kf7 14.c4 Rhd8 15.Be3 c5
16.a4 Nd6 17.Ne5+ Kg8 18.Nxd7 Rxd7 19.Bxc5 Nxc4 20.Rfd1 Rad8 21.Rxd7 Rxd7
22.Bxa7 b6 23.Bb8 Rd2 24.Re1 Kf7 25.c3 Rc2 26.Be5 Nxe5 27.Rxe5 Rxc3 28.f5 exf5
29.Rxf5+ Ke7 30.Rb5 Rc4  1/2-1/2

[Event "III Brazil Maringa Open"]
[Site "Maringa BRA"]
[Date "2013.07.26"]
[Round "4.24"]
[White "Boabaid,Jorge Alberto Duardes"]
[Black "Bandeira,T"]
[Result "0-1"]
[WhiteElo "1855"]
[BlackElo "2150"]

1.e4 c6 2.d4 d6 3.Nc3 Nf6 4.Nf3 g6 5.h3 Bg7 6.Be3 O-O 7.Bd3 Nbd7 8.O-O b5
9.a4 b4 10.Ne2 a5 11.Nh4 e5 12.Nf3 exd4 13.Nexd4 Bb7 14.c3 Re8 15.Bg5 h6
16.Bh4 Nc5 17.Re1 g5 18.Bg3 Nfxe4 19.Nf5 Nxg3 20.Rxe8+ Qxe8 21.fxg3 bxc3
22.Nxg7 Qe3+ 23.Kh2 Qxd3 24.Qe1 Kxg7 25.bxc3 Qe4 26.Qd1 d5 27.Rb1 Bc8 28.Nd4 Bd7
29.Rb2 Qd3 30.Qh5 Ne4 31.Nf3 Nf6 32.Qxf7+ Kxf7 33.Ne5+ Ke6 34.Nxd3 Ne4 35.Rb7 Kd6
36.c4 dxc4 37.Nb2 Be6 38.Nd1 c3 39.Ne3 g4 40.h4 Rf8 41.Ra7 Rf1 42.Rxa5 Re1
43.Nc2 Rc1 44.Nb4 Nf2  0-1

[Event "Yinzhou Cup CHN-USA Rapid"]
[Site "Ningbo CHN"]
[Date "2013.07.26"]
[Round "6.2"]
[White "Wang Jue"]
[Black "Foisor,S"]
[Result "1-0"]
[WhiteElo "2399"]
[BlackElo "2281"]

1.e4 d6 2.d4 Nf6 3.Nc3 e5 4.Nf3 Nbd7 5.Bc4 Be7 6.O-O O-O 7.Re1 c6 8.a4 a5
9.h3 Nb6 10.Bb3 Nfd7 11.Be3 exd4 12.Nxd4 Nc5 13.Qf3 Nxb3 14.cxb3 Bg5 15.Rad1 Bxe3
16.Qxe3 Be6 17.Qg3 Nc8 18.e5 d5 19.Ne4 Kh8 20.Nc5 Qe7 21.Rc1 Nb6 22.f4 g6
23.Qe3 Rab8 24.Qc3 Ra8 25.Kh2 Rfe8 26.g4 Kg8 27.f5 Bc8 28.f6 Qf8 29.Qg3 Qh6
30.g5 Qh5 31.e6 Bxe6 32.Ndxe6 h6 33.Nd4 hxg5 34.Qg4 Kh7 35.Nxb7 Qxg4 36.hxg4 Nd7
37.Re7 Ne5 38.Nd6 Nxg4+ 39.Kg3 Rxe7 40.fxe7 Nf6 41.Rf1 Kg7 42.Nxc6 Ne4+ 43.Nxe4 dxe4
44.Nd8 f5 45.e8=Q Ra7 46.Rh1 Kf6 47.Qh8+ Rg7 48.Qf8+ Ke5 49.Qxg7+  1-0

[Event "Yinzhou Cup CHN-USA Rapid"]
[Site "Ningbo CHN"]
[Date "2013.07.26"]
[Round "7.4"]
[White "Ding Yixin"]
[Black "Melekhina,A"]
[Result "1-0"]
[WhiteElo "2432"]
[BlackElo "2216"]

1.e4 d6 2.d4 Nf6 3.Nc3 e5 4.Nf3 Nbd7 5.Bc4 Be7 6.O-O Nb6 7.Bb3 exd4 8.Nxd4 c5
9.Nf3 c4 10.Ba4+ Nxa4 11.Nxa4 Nxe4 12.Qd5 Nc5 13.Nxc5 dxc5 14.Qxc4 Be6 15.Qc3 O-O
16.Bf4 Qb6 17.Be5 f6 18.Bg3 c4 19.a3 Bc5 20.Rae1 Bf7 21.Re2 Rfd8 22.Rfe1 Qc6
23.Bf4 Bd5 24.Be3 Bd6 25.Nd4 Qc7 26.h3 Be5 27.Rd1 a6 28.Qe1 b5 29.Nf5 Be4
30.Nd4 Qb7 31.f3 Bd5 32.f4 Bc7 33.Qg3 Be4 34.Rde1 Ba5 35.c3 Rd6 36.Bf2 f5
37.Nxf5 Bxf5 38.Re7 Rg6 39.Rxb7 Rxg3 40.Bxg3 Rd8 41.Ree7 Kh8 42.Kh2 Rf8 43.Rxg7 Be4
44.Rbf7 Rd8 45.Bh4 Re8 46.Bf6 Bd8 47.Rxh7+ Kg8 48.Rfg7+  1-0

[Event "Czech Open B 2013"]
[Site "Pardubice CZE"]
[Date "2013.07.26"]
[Round "8.7"]
[White "Miturova,M"]
[Black "Turner,Ja"]
[Result "0-1"]
[WhiteElo "2121"]
[BlackElo "2362"]

1.e4 d6 2.d4 Nf6 3.Nc3 e5 4.Nf3 Nbd7 5.Bc4 Be7 6.O-O O-O 7.Re1 c6 8.a4 a5
9.h3 Qc7 10.b3 exd4 11.Nxd4 Re8 12.Nf5 Bf8 13.Ba3 Nc5 14.Ng3 Be6 15.Bxe6 Rxe6
16.Qf3 Rae8 17.Bxc5 dxc5 18.Re2 Bd6 19.Nf5 Be5 20.Rae1 g6 21.Nh6+ Kg7 22.Ng4 Nxg4
23.hxg4 Rf6 24.Qh3 h5 25.Re3 hxg4 26.Qxg4 Rf4 27.Qe2 Rh4 28.g3 Rh5 29.Qf3 Bd4
30.Rd3 Reh8 31.Nd1 Qe7 32.c3 Be5 33.Ne3 Qe6 34.Nc4 Bc7 35.Red1 b5 36.axb5 cxb5
37.Ne3 Rh1+ 38.Qxh1 Rxh1+ 39.Kxh1 Qxe4+ 40.Kg1 Be5 41.c4 b4 42.Nc2 a4 43.bxa4 Qxc4
44.Ne3 Qa2 45.a5 Bd4  0-1

[Event "Czech Open A 2013"]
[Site "Pardubice CZE"]
[Date "2013.07.26"]
[Round "8.19"]
[White "Neuman,P"]
[Black "Kuipers,S"]
[Result "0-1"]
[WhiteElo "2522"]
[BlackElo "2432"]

1.d4 d6 2.e4 Nf6 3.Nc3 e5 4.Nf3 Nbd7 5.Bc4 Be7 6.O-O O-O 7.Re1 c6 8.a4 Qc7
9.h3 b6 10.Ba2 Bb7 11.dxe5 dxe5 12.Nh4 Rfe8 13.Nf5 Nf8 14.Qf3 Ne6 15.Bxe6 fxe6
16.Nxe7+ Rxe7 17.b3 Rf8 18.Qe2 c5 19.Bb2 g5 20.Rad1 a6 21.Qd2 Rd7 22.Qxg5+ Rg7
23.Qh4 Qf7 24.Re3 b5 25.Rf1 b4 26.Ne2 Nxe4 27.Bxe5 Rxg2+ 28.Kxg2 Qg6+  0-1

[Event "14th ch-EUR Ind w"]
[Site "Belgrade SRB"]
[Date "2013.07.27"]
[Round "5.6"]
[White "Videnova,I"]
[Black "Bulmaga,I"]
[Result "1-0"]
[WhiteElo "2301"]
[BlackElo "2403"]

1.e4 d6 2.d4 Nf6 3.Nc3 e5 4.Nf3 Nbd7 5.g4 Nxg4 6.Rg1 Ngf6 7.Bc4 h6 8.Be3 c6
9.dxe5 dxe5 10.Qd3 b5 11.Bb3 Qa5 12.O-O-O Ba6 13.Nd2 Qc7 14.Qf1 g5 15.h4 g4
16.f3 g3 17.Rxg3 Nh5 18.Rg1 Bc5 19.Bxc5 Nxc5 20.Qf2 Qb6 21.Qg2 Qc7 22.Ne2 Bc8
23.f4 Nxf4 24.Nxf4 exf4 25.Qg7 Rf8 26.Qxh6 Be6 27.Bxe6 Nxe6 28.Nf3 Rd8 29.Qf6 Rxd1+
30.Rxd1 Qe7 31.Qc3 Qc5 32.Qd2 Ke7 33.Qd7+ Kf6 34.e5+ Kg7 35.Qd2 Kh8 36.Qe2 Rd8
37.Rxd8+ Nxd8 38.Ng5 Kg7 39.Qd3 Qg1+ 40.Kd2 Qf2+ 41.Kc3 Qc5+ 42.Kd2 Qd5 43.Ke2 Qxe5+
44.Kf3 Qf6 45.Qd7 Kh6 46.Qxd8 Qxb2 47.Nxf7+ Kg6 48.Qg8+ Kf5 49.Nd6+  1-0

[Event "14th ch-EUR Ind w"]
[Site "Belgrade SRB"]
[Date "2013.07.27"]
[Round "5.55"]
[White "Khalafova,N"]
[Black "Klinova,M"]
[Result "0-1"]
[WhiteElo "2107"]
[BlackElo "2322"]

1.e4 d6 2.d4 Nf6 3.Nc3 e5 4.Nf3 Nbd7 5.dxe5 dxe5 6.Bc4 Bd6 7.O-O O-O 8.Qe2 c6
9.a4 Qe7 10.Nh4 Nb6 11.Bd3 Be6 12.Kh1 Nbd7 13.f4 exf4 14.Bxf4 Bxf4 15.Rxf4 Ne5
16.Raf1 Nfd7 17.Nf5 Bxf5 18.exf5 Rfe8 19.h3 Nxd3 20.Qxd3 Nf6 21.Rd4 h6 22.Rd1 Qe5
23.Qf3 Re7 24.Qf4 Qxf4 25.Rxf4 Rae8 26.Rfd4 Kf8 27.Kh2 Re3 28.Rb4 R3e7 29.Rbd4 a5
30.R1d3 Re1 31.Rg3 Rf1 32.Rf3 Rxf3 33.gxf3 Ke7 34.b4 Ra8 35.bxa5 Rxa5 36.Rb4 Ra7
37.Kg3 Nd7 38.Rg4 Nf6 39.Rb4 Kd6 40.Ne4+ Nxe4+ 41.fxe4 c5 42.Rc4 b6 43.Kf4 g6
44.e5+ Kd5 45.Re4 g5+ 46.Kf3 c4 47.Re1 Re7 48.Rb1 Kxe5 49.Rxb6 Kxf5 50.Rc6 h5
51.Rxc4 Re1 52.Rc5+ Kg6 53.a5 Rf1+ 54.Kg2 Ra1 55.Rc6+ f6 56.a6 Kf5 57.Rb6 Ra2
58.Rc6 g4 59.hxg4+ hxg4 60.Rc5+ Kf4 61.Rc4+ Kg5 62.Rc6 f5 63.Kf2 Ra1 64.Kg2 f4
65.Rc5+ Kf6 66.Rc4 Ke5 67.Rc6 Ra2 68.Kf2 Kd5 69.Rg6 Rxc2+ 70.Kg1 g3 71.Rg5+ Ke4
72.Ra5 f3 73.Ra1 Rg2+ 74.Kf1 Rh2 75.Ra4+ Ke5 76.Ke1 Re2+ 77.Kd1 g2 78.Rg4 Ra2
79.Rg5+ Kf4  0-1

[Event "65th ch-MNE 2013"]
[Site "Cetinje SRB"]
[Date "2013.07.27"]
[Round "8.5"]
[White "Draganic,V"]
[Black "Tomic,Aleksandar"]
[Result "0-1"]
[WhiteElo "2267"]
[BlackElo "1970"]

1.d4 Nf6 2.Nc3 d6 3.e4 e5 4.Nf3 Nbd7 5.Bc4 Be7 6.Bxf7+ Kxf7 7.Ng5+ Kg8 8.Ne6 Qe8
9.Nxc7 Qg6 10.Nxa8 Qxg2 11.Rf1 exd4 12.Qe2 dxc3 13.Qc4+ d5 14.exd5 Qe4+ 15.Qxe4 Nxe4
16.bxc3 Bd6 17.a4 Be5 18.Bb2 Kf7 19.f4 Bd6 20.Ba3 Ndc5 21.a5 Bh3 22.a6 Bxf1
23.Bxc5 Nxc5 24.axb7 Ba6 25.Ra5 Bxb7 26.Nc7 Bxc7 27.Rxc5 Re8+ 28.Kd2 Bxf4+
29.Kd3 Bxh2 30.c4 Bg1 31.Rb5 Ba6 32.Ra5 Re3+ 33.Kd2 Bxc4 34.Rxa7+ Re7 35.Ra5 Rd7  0-1

[Event "Charleroi Open 2013"]
[Site "Charleroi BEL"]
[Date "2013.07.27"]
[Round "1.7"]
[White "De Groof,Maurice"]
[Black "Hautot,S"]
[Result "0-1"]
[WhiteElo "1752"]
[BlackElo "2366"]

1.e4 d6 2.d4 Nf6 3.Nc3 Nbd7 4.Nf3 e5 5.h3 Be7 6.Be3 O-O 7.Be2 c6 8.a4 b6
9.O-O a6 10.Re1 Bb7 11.Bf1 b5 12.Nd2 Re8 13.g3 exd4 14.Bxd4 b4 15.Ncb1 c5
16.Be3 Nxe4 17.Bg2 Bf6 18.Ra2 d5 19.Nxe4 dxe4 20.c4 Qe7 21.b3 Ne5 22.Ree2 Rad8
23.Qc2 Nf3+ 24.Kh1 Nd4 25.Bxd4 cxd4 26.Qd1 d3 27.Re1 Bd4 28.Rf1 f5 29.Qc1 e3
30.fxe3 Bxe3 31.Qd1 Be4 32.Nd2 Qg5 33.Kh2 Bxg2 34.Kxg2 Bxd2 35.Rxd2 Re2+
36.Rf2 Re3 37.Rf3 Rde8 38.Rxe3 Rxe3 39.g4 Qh4 40.Qf1 Qg3+  0-1

[Event "15th TCh-Eur Senior"]
[Site "Dresden GER"]
[Date "2013.07.27"]
[Round "8"]
[White "Werner,Cle"]
[Black "Shushpanov,V"]
[Result "1/2-1/2"]
[WhiteElo "2337"]
[BlackElo "2308"]

1.e4 d6 2.d4 Nf6 3.Nc3 c6 4.f4 Qa5 5.e5 Ne4 6.Bd3 Nxc3 7.Qd2 g6 8.bxc3 Bg7
9.Nf3 c5 10.O-O O-O 11.Qe1 cxd4 12.cxd4 Qxe1 13.Rxe1 Nc6 14.Rb1 Bg4 15.Rxb7 Bxf3
16.gxf3 Nxd4 17.Kg2 Rac8 18.c4  1/2-1/2

[Event "15th TCh-Eur Senior"]
[Site "Dresden GER"]
[Date "2013.07.27"]
[Round "8"]
[White "Watzka,H"]
[Black "Wuttke,H"]
[Result "1/2-1/2"]
[WhiteElo "2273"]
[BlackElo "2171"]

1.e4 d6 2.d4 Nf6 3.Nc3 e5 4.Nge2 Nc6 5.h3 Be7 6.g3 O-O 7.Bg2 Re8 8.O-O exd4
9.Nxd4 Nxd4 10.Qxd4 c6 11.Be3 Qc7 12.Rad1 h6 13.Qd2 Be6 14.f4 b5 15.a3 a5
16.b3  1/2-1/2

[Event "Open Desko Liberec 2013"]
[Site "Liberec CZE"]
[Date "2013.07.27"]
[Round "9.3"]
[White "Bednar,Ma"]
[Black "Taborsky,R"]
[Result "1-0"]
[WhiteElo "2283"]
[BlackElo "2262"]

1.d4 d6 2.e4 Nf6 3.Nc3 e5 4.Nf3 Nbd7 5.g3 Be7 6.Bg2 O-O 7.O-O c6 8.a4 b6
9.Re1 a6 10.b3 Re8 11.Bb2 Bf8 12.Qd2 Qc7 13.Rad1 Bb7 14.Qc1 b5 15.Qa1 exd4
16.Nxd4 g6 17.f3 d5 18.exd5 b4 19.Ne4 Nxd5 20.Ne2 f5 21.Ng5 Ne3 22.Rd2 Nxg2
23.Kxg2 h6 24.Nf4 hxg5 25.Ne6 Rxe6 26.Rxe6 g4 27.Qe1 gxf3+ 28.Kf1 Nc5 29.Rxg6+ Kh7
30.Rg5 Ne4 31.Rxf5 Nxd2+ 32.Qxd2 Qd8 33.Rf7+ Kg8 34.Rd7 Bh6 35.Rxd8+  1-0

[Event "Czech Open A 2013"]
[Site "Pardubice CZE"]
[Date "2013.07.27"]
[Round "9.44"]
[White "Jasny,S"]
[Black "Vassallo Barroche,M"]
[Result "0-1"]
[WhiteElo "2290"]
[BlackElo "2434"]

1.e4 d6 2.d4 Nf6 3.Nc3 e5 4.Nf3 exd4 5.Nxd4 Be7 6.Bf4 O-O 7.Qd2 d5 8.Ndb5 Bb4
9.O-O-O c6 10.Nc7 Nxe4 11.Qe3 Bxc3 12.bxc3 g5 13.Bg3 f5 14.Nxa8 f4 15.Qxa7 fxg3
16.Bd3 Nxf2 17.Qxb8 Bg4 18.Qe5 Bxd1 19.Rxd1 Nxd1 20.Kxd1 gxh2 21.Qxh2 Rf7
22.Qh6 Qxa8 23.Bxh7+ Rxh7 24.Qg6+ Rg7 25.Qe6+ Rf7 26.Qg6+ Kf8 27.Qh6+ Ke7
28.Qxg5+ Kd7 29.Qg4+ Kc7 30.Qg3+ Kb6 31.Qe3+ Ka6 32.c4 Qd8  0-1

[Event "14th ch-EUR Ind w"]
[Site "Belgrade SRB"]
[Date "2013.07.28"]
[Round "6.63"]
[White "Olea,L"]
[Black "Nikoladze,S"]
[Result "0-1"]
[WhiteElo "1905"]
[BlackElo "2163"]

1.e4 d6 2.d4 Nf6 3.Nc3 Nbd7 4.h3 e5 5.Nge2 c6 6.g4 h6 7.Bg2 Be7 8.Be3 b5
9.d5 Bb7 10.Ng3 cxd5 11.Nxd5 Nxd5 12.exd5 Nb6 13.Nf5 Bf6 14.Qd3 a6 15.b3 g6
16.Nxh6 Bg5 17.Qd2 Bxe3 18.Qxe3 Bxd5 19.f3 Bb7 20.g5 Nd5 21.Qd2 Nf4 22.h4 Nxg2+
23.Qxg2 Qa5+ 24.Kf2 Qd2+ 25.Kg3 Qf4+ 26.Kf2 Rc8 27.Rac1 Rc3 28.Rhf1 Rxf3+
29.Kg1 Rxf1+ 30.Qxf1 Qg3+  0-1